000 00248nam a2200097Ia 4500
001 642785
005 20250826153533.0
008 250824s9999 xx 000 0 und d
245 0 _a4 Skandiya’yı Kurtarmak
_cJohn Flanagan
260 _bBEYAZ BALİNA
999 _c642785
_d642785